00511nam a2200193Ia 4500008004100000020002200041050001600063050001400079100002500093245003900118245002500157260001300182260001900195260000900214300001600223300001100239500005100250650001600301180628s9999 xx 000 0 und d a978-971-23-6525-6 aFIL HF 5635 b.A45 2013 aAliling, Leonardo E. 0aFundamentals of basic accounting / 0cLeonardo E. Aliling. aManila : bRex Bookstore, c2013 a184 pages : c26 cm. aIncludes bibliographical references and index. aAccounting.